000 01003cam a2200229 4500
008 011119n1999 000 0 eng u
020 _a0860225380
035 _a(Sirsi) u115626
100 _aNanayakkara, R.
245 _aCost benchmarks for the installation of building services. Part 1 : The benchmarking process
260 _aBracknell
_bBSRIA
_c1999
300 _a30p.
_c30cm
350 _a25.00
490 _aBSRIA Application Guide
_vAG 20-1/99
590 _aDivided into six sections this guide contains a general introduction to the cost benchmarking process, a commentary on factors and issues affecting installation costs, a description of the benchmarking process, a commentary on cost data available, descriptions of the benchmarks developed for the project and the project conclusions and recommendations.
650 _aBENCHMARKING
650 _aBlock management
_96220
650 _aCOST DATA
690 _aBlock management
_96220
700 _aFitzsimmons, J.
942 _n0
999 _c101779
_d101779